French Pronoun Table - Statistics

General Stats
  • This quiz has been taken 65 times
  • The average score is 19 of 24
Answer Stats
Answer % Correct
je
100%
tu
100%
nous
98%
elle
96%
il
96%
vous
96%
ils
94%
elles
91%
te
81%
le
77%
me
77%
moi
77%
on
77%
toi
77%
la
72%
les
72%
lui
72%
lui
72%
se
64%
se
64%
se
64%
leur
57%
eux
43%
soi
36%
No matching quizzes found
Score Distribution
Percent of People with Each Score
Percentile by Number Answered
Your Score History
You have not taken this quiz